[Event "Ruhrgebiet Verbandsliga Gruppe 1 1617"]
[Site "Germany"]
[Date "2016.09.25"]
[Round "2.7"]
[White "Huestegge, Ulrich"]
[Black "Knackstedt, Ulf"]
[Result "1/2-1/2"]
[WhiteElo "1832"]
[BlackElo "1774"]
[PlyCount "69"]
[EventDate "2016.09.04"]
[EventType "team-tourn"]
[EventRounds "9"]
[EventCountry "GER"]
[SourceTitle "EXT 2022"]
[Source "ChessBase"]
[SourceDate "2021.10.06"]
[SourceVersion "1"]
[SourceVersionDate "2021.10.06"]
[SourceQuality "1"]
[WhiteTeam "Bottrop SV"]
[BlackTeam "Bochum-Linden"]
[WhiteTeamCountry "GER"]
[BlackTeamCountry "GER"]

1. c4 e5 2. Nc3 Nc6 3. g3 d6 4. Bg2 Nf6 5. d3 Be7 6. e4 0-0 7. Nge2 Bg4 8. f3 Bd7 9. 0-0 Qc8 10. f4 Bg4 11. f5 Nd4 12. h3 Nxe2+ 13. Nxe2 Bxe2 14. Qxe2 Nd7 15. g4 Qd8 16. Be3 Bg5 17. Qd2 h6 18. Bxg5 Qxg5 19. Qxg5 hxg5 20. Bf3 Nb8 21. Kg2 Nc6 22. h4 f6 23. hxg5 fxg5 24. Rh1 Kf7 25. Rh5 Kf6 26. Rah1 Nb4 27. Rd1 Nxa2 28. d4 Rfd8 29. d5 Nb4 30. Rd2 a5 31. Bd1 Na6 32. Rh3 Nc5 33. Bc2 Rh8 34. Rxh8 Rxh8 35. Rd1 1/2-1/2

[Event "Ruhrgebiet VK2 1213"]
[Site "Nordrheinwestfalen"]
[Date "2013.02.24"]
[Round "7"]
[White "Stremmel, Ralf"]
[Black "Huestegge, Ulrich"]
[Result "1/2-1/2"]
[WhiteElo "1991"]
[BlackElo "1734"]
[PlyCount "124"]
[EventDate "2012.09.02"]
[EventType "team-tourn"]
[EventRounds "9"]
[EventCountry "GER"]
[SourceTitle "EXT 2020"]
[Source "ChessBase"]
[SourceDate "2019.10.17"]
[SourceVersion "1"]
[SourceVersionDate "2019.10.17"]
[SourceQuality "1"]
[WhiteTeam "Katernberg SF III"]
[BlackTeam "Bottrop SV II"]
[WhiteTeamCountry "GER"]
[BlackTeamCountry "GER"]

1. e4 d6 2. d4 Nf6 3. Nc3 Nc6 4. Nf3 Bg4 5. Be2 e5 6. d5 Ne7 7. Bg5 Ng6 8. h3 Bd7 9. Qd2 Be7 10. 0-0-0 h6 11. Be3 a6 12. g3 b5 13. Bd3 c5 14. dxc6 Bxc6 15. a3 Qa5 16. Nb1 Qxd2+ 17. Nfxd2 0-0 18. f4 Rfc8 19. f5 Nf8 20. g4 d5 21. exd5 Bxd5 22. Rhe1 N6d7 23. Nc3 Bc6 24. Be4 b4 25. Nd5 Bxd5 26. Bxd5 bxa3 27. Bxa8 a2 28. Nb3 Rxa8 29. Kd2 e4 30. Bd4 Bg5+ 31. Ke2 Rc8 32. Bc3 Nb6 33. Kf1 Na4 34. Ra1 Nxc3 35. bxc3 Rxc3 36. Rxa2 e3 37. Re2 Nd7 38. Rxa6 Nf6 39. Ra8+ Kh7 40. Ra5 Ne4 41. Kg2 Bh4 42. Re5 Ng3 43. R5xe3 Nxe2 44. Rxe2 Rg3+ 45. Kh2 Rc3 46. Nd4 Bg5 47. Kg2 Bf4 48. Nf3 h5 49. Kf2 f6 50. Kg2 hxg4 51. hxg4 g6 52. Re7+ Kh6 53. Nd4 Rg3+ 54. Kf2 Rxg4 55. Kf3 Bd6 56. Kxg4 Bxe7 57. c4 Kg7 58. Nc6 Bc5 59. Nd8 Bb6 60. Ne6+ Kf7 61. c5 gxf5+ 62. Kxf5 Bxc5 1/2-1/2

[Event "Ruhrgebiet VK2 1213"]
[Site "Nordrheinwestfalen"]
[Date "2013.02.03"]
[Round "6"]
[White "Huestegge, Ulrich"]
[Black "Gajda, Peter"]
[Result "1/2-1/2"]
[WhiteElo "1734"]
[BlackElo "1820"]
[PlyCount "39"]
[EventDate "2012.09.02"]
[EventType "team-tourn"]
[EventRounds "9"]
[EventCountry "GER"]
[SourceTitle "EXT 2020"]
[Source "ChessBase"]
[SourceDate "2019.10.17"]
[SourceVersion "1"]
[SourceVersionDate "2019.10.17"]
[SourceQuality "1"]
[WhiteTeam "Bottrop SV II"]
[BlackTeam "Kirchhellen SF"]
[WhiteTeamCountry "GER"]
[BlackTeamCountry "GER"]

1. c4 e5 2. Nc3 Nf6 3. e4 Nc6 4. d3 d6 5. Nge2 g6 6. g3 Bg7 7. Bg2 Bg4 8. h3 Bd7 9. 0-0 0-0 10. f4 exf4 11. gxf4 Nh5 12. Nd5 Nd4 13. Kh2 c6 14. Ndc3 Qh4 15. Be3 Nxe2 16. Nxe2 Nf6 17. Rf3 Ng4+ 18. Kg1 Nxe3 19. Rxe3 Rfe8 20. Qe1 1/2-1/2